000 00440nam a2200181Ia 4500
001 16454
005 20260306170310.0
008 260306t1998||||xx |||||||||||||| ||und||
041 _aESP
082 _a348.6
_bE86
100 _aEspinoza de la Cruz, Isaac M.
_eAUT
245 0 _aCompendio de legislación laboral
260 _c1998
300 _a627 pƔginas :
_c24 cm.
650 _aGEN
654 _aCDE
942 _cLIB
_dJUS
_fJUS
_2ddc
_n
999 _c16454
_d16454